000 00834cam a22002653 4500
001 99370
005 20230410143108.0
008 101118s2009 xx 000 0 spa d
035 _a(OCoLC)ocn682894793
040 _aBTCTA
_beng
_cBTCTA
_dYDXCP
020 _a9789505578214
020 _a9505578210
035 _a(OCoLC)682894793
049 _aGRAL
050 1 4 _abA811 2009
245 0 0 _aEl ascenso del principe democratico / The rise of democratic prince
_bQuien Gobierna Y Como Se Gobiernan Las Democracias / Who Governs and How Democracies Govern.
260 _bFondo De Cultura Economica USA
_c2009.
300 _ap.
_ccm.
720 _aFabbrini, Sergio
938 _aBaker and Taylor
_bBTCP
_nBK0009434236
938 _aYBP Library Services
_bYANK
_n3537658
942 _2lcc
_cbk
946 _aINF
994 _aC0
_bDRFGD
999 _c95625
_d95625